01361nam a22002417a 4500003001700000005001700017008004100034020001800075040000700093041001200100082001600112100002400128245006400152260004300216300003000259365001200289520060800301650004000909700002600949942001200975999001900987952011301006St Aloysius Coll20260418165207.0260417b |||||||| |||| 00| 0 eng d a9789370020221 cAL aEnglish a304.6bSAJP aSajimon P P9262154 aPopulation mattersb: Indian and global sustainable futures aChhattisgarhbAstitva Prakashanac2025 axii, 247p.bPBc22.5x15cm 2General aPopulation Matters: Indian and Global Sustainable Futures addresses the complex relationship between population dynamics and sustainable development, with a specific focus on India. This scholarly work analyzes India’s development through the lens of the United Nations’ 2030 Sustainable Development Agenda, exploring themes of economic growth, social inclusion, and environmental protection. This book is relevant to a global audience, examining India’s experience with its large population and rapidly changing demographics to draw lessons applicable to other developing and developed countries. 2Social SciencesaPopulation9262155 aBasil, Hans V9262156 2ddccBK c241295d241295 00102ddc40708MSWaSACPGbSACPGd2026-04-16l0o304.6 SAJPpPG025241r2026-04-17 19:17:24w2026-04-17yDB